| 000 | 00000nam 2200000za 4500 |
| 001 | 9.633327 |
| 003 | CaOODSP |
| 005 | 20220505163028 |
| 007 | cr ||||||||||| |
| 008 | 150407s2006 onc|||||o f|0| 0 fre d |
| 020 | |a0-662-72700-2 |
| 040 | |aCaOODSP|bfre |
| 043 | |an-cn--- |
| 086 | 1 |aHP5-21/1-2006F-PDF |
| 110 | 2 |aAgence de santé publique du Canada. |
| 245 | 10|aAgence de santé publique du Canada |h[ressource électronique] : |baperçu de mesures et d'interventions d'urgence : protéger la santé et la sécurité des Canadiens. |
| 246 | 17|aGuide de référence pour les clients, les partenaires et les intervenants |
| 260 | |aOttawa : |bAgence de santé publique du Canada, |c2006. |
| 300 | |a27 p. : |bphotographies. |
| 500 | |aLe n° de catalogue (HP5-21/1-2006) et l'ISBN (0-662-49559-4) pour l'édition imprimée bilingue ont été incorrectement copiés dans cette édition PDF. |
| 520 | 3 |aCe guide de référence décrit le rôle et les activités du Centre de mesures et d'interventions d'urgence (CMIU) de l'Agence de santé publique du Canada, qui a pour mandat de contribuer au maintien de la sécurité sanitaire des Canadiens. Le guide décrit les principaux secteurs à l'appui de ce mandat : orientation stratégique et coordination; services de gestion et d'administration; sécurité des laboratoires; sécurité de la santé publique; intervention d'urgence; et planification et mesures d'urgence. Préparé à l'intention des clients, des partenaires et des intervenants. |
| 590 | |a07-10|b2007-03-09 |
| 691 | 07|aProtection civile|2gcpds |
| 775 | 08|tPublic Health Agency of Canada |w(CaOODSP)9.688907 |
| 776 | 0#|tPublic Health Agency of Canada : |w(CaOODSP)9.668009 |
| 776 | 0#|tOverview of emergency preparedness and response |w(CaOODSP)9.668011 |
| 776 | 0#|tAperçu de mesures et d'interventions d'urgence |w(CaOODSP)9.668012 |
| 776 | 0#|tAgence de santé publique du Canada : |w(CaOODSP)9.668010 |
| 794 | |tAperçu des mesures et interventions d'urgence |w(CaOODSP)9.634554 |
| 856 | 40|ahttp://publications.gc.ca|qPDF|s3970 Ko|uhttps://publications.gc.ca/collections/Collection/HP5-21-1-2006F.pdf |